La próxima vez el fuego
Guardat en:
| Autor principal: | |
|---|---|
| Format: | Llibre |
| Idioma: | espanyol |
| Publicat: |
Buenos Aires
Sudamericana
1964
|
| Col·lecció: | Colección Ensayos
|
| Matèries: | |
| Etiquetes: |
Afegir etiqueta
Sense etiquetes, Sigues el primer a etiquetar aquest registre!
|
MARC
| LEADER | 00000cam a2200000 a 4500 | ||
|---|---|---|---|
| 001 | UCE1265 | ||
| 003 | CL-VaPUC | ||
| 008 | 140407e19640000ag |||||||||||||||||spa|d | ||
| 082 | 0 | 4 | |a 814 |b BAL |2 21 |
| 100 | 0 | |a Baldwin, James |e author |9 573620 | |
| 245 | 1 | 3 | |a La próxima vez el fuego |
| 300 | |a 115 p | ||
| 942 | |c BK | ||
| 945 | |d 20140407 11:30:00 |a cmena | ||
| 260 | |a Buenos Aires |b Sudamericana |c 1964 | ||
| 650 | 0 | |a Ensayos estadounidenses |9 268384 | |
| 650 | 7 | |a RELATOS AUTOBIOGRAFICOS |2 CL-VaPUC |9 465366 | |
| 650 | 0 | |a Literatura estadounidense |9 317168 | |
| 583 | |a last modification |c 20140407 11:30:00 |k Rodrigo Vera | ||
| 490 | 0 | |a Colección Ensayos | |
| 999 | |c 355121 |d 355119 | ||
| 952 | |0 0 |1 0 |3 erb |4 0 |6 814_000000000000000_BAL_1964 |7 0 |8 A |9 461503 |a BIBEDU |b BIBEDU |i 5050766 |o 814 BAL 1964 |p 5050766 |r 2019-11-23 |w 2019-11-23 |y BK |z Catalogado en:20140407 |k LIT | ||